000 00312nam a2200145Ia 4500
100 _aLord/ N.W/ Demorest/D.J
942 _cBK
654 _aAnalysis
245 _aMetallurgical analysis
260 _bMcGraw Hill
_aNewyork
_c1924
082 _a669.92
_bLOR
300 _a472
546 _aENGLISH
999 _c28376
_d28376